MyGZULibrary

Frontiers of human rights education / (Record no. 2679)

MARC details
000 -LEADER
fixed length control field 01008nam a2200289 a 4500
001 - CONTROL NUMBER
control field 1431236
003 - CONTROL NUMBER IDENTIFIER
control field GZU
005 - DATE AND TIME OF LATEST TRANSACTION
control field 20201105072546.0
008 - FIXED-LENGTH DATA ELEMENTS--GENERAL INFORMATION
fixed length control field 871002s1983 no b 100 0 eng
010 ## - LIBRARY OF CONGRESS CONTROL NUMBER
LC control number 84154264
020 ## - INTERNATIONAL STANDARD BOOK NUMBER
International Standard Book Number 8200067769 (pbk.)
040 ## - CATALOGING SOURCE
Original cataloging agency DLC
Transcribing agency DLC
Modifying agency DLC
050 00 - LIBRARY OF CONGRESS CALL NUMBER
Classification number JC571
Item number .F699 1983
082 00 - DEWEY DECIMAL CLASSIFICATION NUMBER
Classification number 323.4/07
Edition number 19
245 00 - TITLE STATEMENT
Title Frontiers of human rights education /
Statement of responsibility, etc. edited by Asbjørn Eide and Marek Thee.
260 ## - PUBLICATION, DISTRIBUTION, ETC.
Place of publication, distribution, etc. Oslo :
Name of publisher, distributor, etc. Universitetsforlaget ;
Place of publication, distribution, etc. Irvington-on-Hudson, N.Y. :
Name of publisher, distributor, etc. Columbia University Press [distributor],
Date of publication, distribution, etc. c1983.
300 ## - PHYSICAL DESCRIPTION
Extent 148 p. ;
Dimensions 25 cm.
500 ## - GENERAL NOTE
General note Papers from a UNESCO meeting held in Strasbourg in July 1982.
504 ## - BIBLIOGRAPHY, ETC. NOTE
Bibliography, etc. note Bibliography: p. 129-143.
650 #0 - SUBJECT ADDED ENTRY--TOPICAL TERM
Topical term or geographic name entry element Human rights
General subdivision Study and teaching
-- Congresses.
650 #0 - SUBJECT ADDED ENTRY--TOPICAL TERM
Topical term or geographic name entry element Human rights
General subdivision Research
-- Congresses.
700 1# - ADDED ENTRY--PERSONAL NAME
Personal name Eide, Asbjørn.
700 1# - ADDED ENTRY--PERSONAL NAME
Personal name Thee, Marek,
Dates associated with a name 1918-
710 2# - ADDED ENTRY--CORPORATE NAME
Corporate name or jurisdiction name as entry element Unesco.
906 ## - LOCAL DATA ELEMENT F, LDF (RLIN)
a 7
b cbc
c orignew
d 3
e ncip
f 19
g y-gencatlg
942 ## - ADDED ENTRY ELEMENTS (KOHA)
Source of classification or shelving scheme Library of Congress Classification
Koha item type Books
Classification part 571
Item part FRO
Call number prefix JC
Call number suffix 1983
Holdings
Withdrawn status Lost status Damaged status Not for loan Collection code Home library Current library Shelving location Date acquired Total Checkouts Full call number Barcode Date last seen Copy number Price effective from Koha item type
        Non-fiction City Campus Library City Campus Library General Stacks 11/05/2020   JC571 FRO 1983 023316 11/05/2020 c.1 11/05/2020 Books